Everything to Everyone (Intro) - Renee Rapp (All Lyrics) - Statistics

General Stats
  • This quiz has been taken 13 times
  • The average score is 95 of 108
Answer Stats
Lyrics % Correct
3
100%
AM,
100%
at
100%
be
100%
call
100%
can't
100%
everyone
100%
everything
100%
I
100%
I'm
100%
pickin'
100%
to
100%
up
100%
you
100%
You
100%
all
83%
and
83%
cryin'
83%
do
83%
dyin'
83%
'em
83%
Forget
83%
give
83%
go
83%
gonna
83%
guts
83%
hate
83%
know
83%
no
83%
not
83%
of
83%
one?
83%
problems,
83%
scared
83%
solve
83%
talk
83%
that
83%
the
83%
when
83%
Who
83%
your
83%
you're
83%
hope
67%
I'll
67%
it,
67%
it's
67%
kill
67%
myself
67%
need
67%
older
67%
over
67%
take
67%
tryin'
67%
'Cause
50%
God,
50%
No matching quizzes found
Score Distribution
Percent of People with Each Score
Percentile by Number Answered
Your Score History
You have not taken this quiz